00575nam a2200145 a 450000500170000000800410001704000120005804100080007004400070007810000240008511000810010924501750019026000530036530000110041820200104041545.0140122b xxu||||| |||| 00| 0 spa d cCO-BoIH aspa ack aCalderón, Eduardo bInstituto de investigación de Recursos Biológicos Alexander von Humboldt aFichas en preparación para el libro rojo de la flora de Colombiabplantas fanerógamas, familia Chrysobalanaceae, Dichapetalaceae y Lecythidaceae: documento de trabajo aBogotábInstituto Alexander von Humboldtc2001 a108 p.